The art of colored pencil drawing / (Record no. 19645)

MARC details
000 -LEADER
fixed length control field 01321cam a22003255i 4500
001 - CONTROL NUMBER
control field 18047669
003 - CONTROL NUMBER IDENTIFIER
control field EG-ScBUE
005 - DATE AND TIME OF LATEST TRANSACTION
control field 20230103103414.0
008 - FIXED-LENGTH DATA ELEMENTS--GENERAL INFORMATION
fixed length control field 140225t2013 caua f 001 0 eng d
020 ## - INTERNATIONAL STANDARD BOOK NUMBER
International Standard Book Number 9781600583377 (pbk.)
020 ## - INTERNATIONAL STANDARD BOOK NUMBER
International Standard Book Number 1600583377 (pbk.)
040 ## - CATALOGING SOURCE
Original cataloging agency QBX
Language of cataloging eng
Description conventions rda
Transcribing agency QBX
Modifying agency OCLCO
-- WIM
-- A6Q
-- OCLCQ
-- YDXCP
-- BTCTA
-- UKMGB
-- AU@
-- OCLCQ
-- OCLCF
-- DLC
-- EG-ScBUE
082 04 - DEWEY DECIMAL CLASSIFICATION NUMBER
Classification number 741.24
Edition number 22
Item number ART
245 04 - TITLE STATEMENT
Title The art of colored pencil drawing /
Statement of responsibility, etc with Pat Averill [and three others]
246 34 - VARYING FORM OF TITLE
Title proper/short title The art of colored pencil drawing :
Remainder of title discover techniques for creating beautiful works of art in colored pencil
264 #1 - PUBLICATION, DISTRIBUTION, ETC. (IMPRINT)
Place of publication, distribution, etc Irvine, CA :
Name of publisher, distributor, etc Walter Foster,
Date of publication, distribution, etc [2013]
264 #4 - PUBLICATION, DISTRIBUTION, ETC. (IMPRINT)
Date of publication, distribution, etc c2013
300 ## - PHYSICAL DESCRIPTION
Extent 144 pages :
Other physical details illustrations (some color) ;
Dimensions 30 cm
336 ## - CONTENT TYPE
Source rdacontent
Content type term text
Content type code txt
337 ## - MEDIA TYPE
Source rdamedia
Media type term unmediated
Media type code n
338 ## - CARRIER TYPE
Source rdacarrier
Carrier type term volume
Carrier type code nc
500 ## - GENERAL NOTE
General note Includes index.<br/>
520 ## - SUMMARY, ETC.
Summary, etc Offers step-by-step instructions for completing twenty-seven colored pencil drawing projects, offering advice on appropriate supplies, color theory, and basic techniques in the medium.
650 #7 - SUBJECT ADDED ENTRY--TOPICAL TERM
Topical term or geographic name as entry element Colored pencil drawing
General subdivision Technique.
Source of heading or term BUEsh
651 ## - SUBJECT ADDED ENTRY--GEOGRAPHIC NAME
Source of heading or term BUEsh
653 ## - INDEX TERM--UNCONTROLLED
Resource For college Communication and mass media
Arrived date list June2015
-- August2015
655 ## - INDEX TERM--GENRE/FORM
Form subdivision Reading book
700 1# - ADDED ENTRY--PERSONAL NAME
Personal name Averill, Pat,
Relator term author.
942 ## - ADDED ENTRY ELEMENTS (KOHA)
Source of classification or shelving scheme Dewey Decimal Classification
Koha item type Book - Borrowing
Holdings
Withdrawn status Lost status Source of classification or shelving scheme Damaged status Not for loan Collection code Home library Current library Shelving location Date acquired Source of acquisition Cost, normal purchase price Serial Enumeration / chronology Total Checkouts Full call number Barcode Date last seen Date checked out Cost, replacement price Koha item type
    Dewey Decimal Classification     Alahram Central Library Central Library Second Floor 15/06/2015   147.00 434 2 741.24 ART 000038748 15/07/2025 06/05/2021 183.75 Book - Borrowing